000 00425nam a2200181Ia 4500
003 0STCL
008 150530s9999 xx 000 0 und d
040 _aSTCL
_cSTCL
100 _aFitch, V.L.
245 _aCiritical Problems in Physics
250 _a1
260 _bUniversities Press; Hyderabad
_c2000
_aHyderabad
300 _a0
546 _aEnglish
942 _2ddc
_cBK
999 _c27549
_d27549
005 20220125170111.0